000
00287nam a22001337a 4500
008
181016b xxu||||| |||| 00| 0 eng d
020
_a
9781451143270
041
_a
eng
080
_a
610
100
_a
3
101
_a
shm
245
_a
Inernal Medicine
_c
Sateia.h..f
942
_2
udc
_c
BK
999
_c
49892
_d
49892